Normal view
MARC view
- رجل سابق لعصرة-المعلم بطرس البستاني حياته واعماله
Entry Topical Term
001 - CONTROL NUMBER
- control field: 36022
003 - CONTROL NUMBER IDENTIFIER
- control field: JO-AjAnu
005 - DATE AND TIME OF LATEST TRANSACTION
- control field: 20230606080022.0
008 - FIXED-LENGTH DATA ELEMENTS
- fixed length control field: 230606|| aca||aabn | a|a d
040 ## - CATALOGING SOURCE
- Original cataloging agency: JO-AjAnu
- Transcribing agency: JO-AjAnu
150 ## - HEADING--TOPICAL TERM
- Topical term or geographic name entry element: رجل سابق لعصرة-المعلم بطرس البستاني حياته واعماله
670 ## - SOURCE DATA FOUND
- Source citation: Work cat.: (JO-AjAnu)18496: تاليف خوري، يوسف قزما, author 36021, رجل سابق لعصرة:المعلم بطرس البستاني 1819-1883